Jallianwala Bagh: Kyamat Tak Dilon Mein Ghaav Bun Kar Rahane Wala Haadsa (Record no. 11192)
[ view plain ]
| 000 -LEADER | |
|---|---|
| fixed length control field | 00391nam a22001457a 4500 |
| 003 - CONTROL NUMBER IDENTIFIER | |
| control field | OSt |
| 008 - FIXED-LENGTH DATA ELEMENTS--GENERAL INFORMATION | |
| fixed length control field | 220509b ||||| |||| 00| 0 eng d |
| 082 ## - DEWEY DECIMAL CLASSIFICATION NUMBER | |
| Classification number | 920 JNI |
| 100 ## - MAIN ENTRY--PERSONAL NAME | |
| Personal name | JUNEJA, M.M. |
| 245 ## - TITLE STATEMENT | |
| Title | Jallianwala Bagh: Kyamat Tak Dilon Mein Ghaav Bun Kar Rahane Wala Haadsa |
| 260 ## - PUBLICATION, DISTRIBUTION, ETC. (IMPRINT) | |
| Place of publication, distribution, etc | ZIRAKPUR |
| Name of publisher, distributor, etc | Modern Publications |
| Date of publication, distribution, etc | 2020 |
| 300 ## - PHYSICAL DESCRIPTION | |
| Extent | 159 |
| 650 ## - SUBJECT ADDED ENTRY--TOPICAL TERM | |
| Topical term or geographic name as entry element | Gernal Book |
| 942 ## - ADDED ENTRY ELEMENTS (KOHA) | |
| Source of classification or shelving scheme | Dewey Decimal Classification |
| Koha item type | Text Books |
| Withdrawn status | Lost status | Source of classification or shelving scheme | Damaged status | Not for loan | Collection code | Home library | Current library | Date acquired | Source of acquisition | Currency | Cost, normal purchase price | Bill Number | Total Checkouts | Full call number | Acc. no. / Barcode | Date last seen | Actual Cost, discounted price | Bill Date | Koha item type | Public note |
|---|---|---|---|---|---|---|---|---|---|---|---|---|---|---|---|---|---|---|---|---|
| Dewey Decimal Classification | IKS- Indian Knowledge System | PIET C-LIBRARY | PIET C-LIBRARY | 09/05/2022 | Modern Publication | Indian Rup | 150.00 | 174 | 920 JNI | 33556 | 09/05/2022 | 112.50 | 04/04/2022 | Text Books | History and Culture |